[Event "XVI Festival C"]
[Site "Robecchetto con Induno ITA"]
[Date "2005.12.28"]
[Round "3"]
[White "Giordanetti, Giuseppe"]
[Black "Cecchini, Massimo"]
[Result "1-0"]
[WhiteElo "1694"]
[BlackElo "1676"]
[PlyCount "97"]
[EventDate "2005.12.27"]

1. e4 c6 2. d4 d5 3. e5 Bf5 4. c4 Nd7 5. Nc3 h6 6. Bd2 dxc4 7. Bxc4 Nb6 8. Bb3
Qxd4 9. Nf3 Qd3 10. Rc1 Qd7 11. O-O e6 12. Bc2 Bxc2 13. Qxc2 Ne7 14. Rfd1 Ned5
15. Na4 Be7 16. Ba5 Nxa4 17. Qxa4 O-O 18. Qg4 Bd8 19. Bd2 Kh7 20. h4 f5 21.
exf6 Bxf6 22. h5 Qf7 23. Qe4+ Kh8 24. Qg4 Bxb2 25. Rc2 Bf6 26. Bc1 Rac8 27. Re1
Rfe8 28. Bb2 b6 29. Be5 c5 30. Rce2 Bxe5 31. Nxe5 Qf5 32. Ng6+ Kg8 33. Qxf5
exf5 34. Rxe8+ Rxe8 35. Rxe8+ Kf7 36. Rd8 Nf6 37. Nf4 Ke7 38. Ra8 a5 39. Ra7+
Kd6 40. Rxg7 Ke5 41. g3 c4 42. Rb7 c3 43. Rxb6 Ng4 44. Rc6 Kd4 45. Ne2+ Ke4 46.
Rxc3 Kd5 47. Ra3 Ke4 48. f3+ Ke5 49. fxg4 1-0

[Event "XVI Festival C"]
[Site "Robecchetto con Induno ITA"]
[Date "2005.12.28"]
[Round "3"]
[White "Giusti, Francesco"]
[Black "Longo, Giovanni"]
[Result "0-1"]
[WhiteElo "1628"]
[BlackElo "1724"]
[PlyCount "106"]
[EventDate "2005.12.27"]

1. e4 c6 2. Nf3 d5 3. exd5 cxd5 4. d4 Bg4 5. Be2 e6 6. c3 Nf6 7. O-O Be7 8.
Qa4+ Nc6 9. Re1 O-O 10. Ne5 Bxe2 11. Nxc6 bxc6 12. Rxe2 Qc7 13. f3 Bd6 14. g3
Bxg3 15. Bg5 Bxh2+ 16. Rxh2 Qg3+ 17. Rg2 Qxf3 18. Bxf6 Qxf6 19. Qxc6 Qf4 20.
Qa6 Qe3+ 21. Kh2 e5 22. Qf6 Qf4+ 23. Qxf4 exf4 24. Rg4 Rae8 25. Rxf4 Re1 26.
Kg2 Rfe8 27. b3 Rd1 28. Rf1 Ree1 29. Rxe1 Rxe1 30. Kf2 Rc1 31. Ke2 h5 32. c4
Kf8 33. cxd5 Ke7 34. Kd2 Rg1 35. Ke2 g5 36. a4 h4 37. Kf2 Rd1 38. Kg2 g4 39.
Ra2 Rxb1 40. Re2+ Kd6 41. Re4 f5 42. Rf4 h3+ 43. Kg3 Rxb3+ 44. Kh2 Rf3 45. Rxf3
gxf3 46. Kxh3 Kxd5 47. Kg3 f2 48. Kxf2 Kxd4 49. Kf3 Ke5 50. Ke3 f4+ 51. Kf3 a5
52. Ke2 Ke4 53. Kf2 f3 0-1

[Event "XVI Festival C"]
[Site "Robecchetto con Induno ITA"]
[Date "2005.12.28"]
[Round "3"]
[White "Torretta, Gilberto"]
[Black "Greco, Umberto"]
[Result "0-1"]
[WhiteElo "1664"]
[BlackElo "1605"]
[PlyCount "99"]
[EventDate "2005.12.27"]

1. e4 c5 2. Nf3 d6 3. Bb5+ Bd7 4. c4 Nf6 5. Nc3 g6 6. d4 cxd4 7. Nxd4 a6 8.
Bxd7+ Nbxd7 9. O-O Bg7 10. Be3 O-O 11. Qe2 Rc8 12. Rac1 Qa5 13. Nb3 Qh5 14. f3
Ne5 15. Nd5 Nxd5 16. cxd5 Bh6 17. Na5 b5 18. b3 Bxe3+ 19. Qxe3 Qh4 20. Nc6 Qf6
21. Qa7 Nxc6 22. Rxc6 Ra8 23. Qb6 Rfb8 24. Qa5 Qd4+ 25. Kh1 b4 26. Rfc1 Qd3 27.
Qc7 Kf8 28. h3 Qb5 29. Qd7 Rd8 30. Qg4 Kg8 31. Rc7 Re8 32. h4 Qe2 33. R7c2 Qb5
34. h5 Red8 35. hxg6 hxg6 36. Qg5 Qe8 37. Kh2 Kg7 38. Rc7 f6 39. Qg4 Qf7 40.
Rb7 Re8 41. Rc4 Rh8+ 42. Kg1 g5 43. Rcc7 Rh4 44. Qd7 Re8 45. Ra7 Qh5 46. Kf2
Rh1 47. Qxe8 Qh4+ 48. Ke2 Qe1+ 49. Kd3 Qd1+ 50. Kc4 0-1

[Event "XVI Festival C"]
[Site "Robecchetto con Induno ITA"]
[Date "2005.12.28"]
[Round "4"]
[White "Cillo, Angelo"]
[Black "Giordanetti, Giuseppe"]
[Result "0-1"]
[WhiteElo "1738"]
[BlackElo "1694"]
[PlyCount "42"]
[EventDate "2005.12.27"]

1. d4 Nf6 2. Nf3 b6 3. c4 e6 4. Nc3 Bb7 5. Bg5 Be7 6. e3 d6 7. Bd3 Nbd7 8. O-O
h6 9. Bh4 O-O 10. Qe2 c5 11. Rfd1 cxd4 12. exd4 a6 13. Rac1 Rc8 14. d5 e5 15.
Nd2 Re8 16. Nce4 Nc5 17. Bxf6 Bxf6 18. Bb1 Be7 19. b4 Nd7 20. Qh5 Nf6 21. Rc3
Nxh5 0-1

[Event "XVI Festival C"]
[Site "Robecchetto con Induno ITA"]
[Date "2005.12.28"]
[Round "4"]
[White "Greco, Umberto"]
[Black "Faraci, Libero"]
[Result "1/2-1/2"]
[WhiteElo "1605"]
[BlackElo "1613"]
[PlyCount "75"]
[EventDate "2005.12.27"]

1. d4 d6 2. c4 Nf6 3. Nc3 g6 4. e4 Bg7 5. Nf3 O-O 6. Bd3 Nbd7 7. O-O e5 8. d5
a6 9. h3 Nc5 10. Be3 Nxd3 11. Qxd3 Nh5 12. c5 dxc5 13. Bxc5 Nf4 14. Qd2 Qf6 15.
Bxf8 Bxf8 16. Qd1 Bd6 17. Rc1 Bd7 18. Kh1 h5 19. Ng1 Bg4 20. Qb3 Qg5 21. hxg4
Qh4+ 22. Nh3 hxg4 23. Nb1 gxh3 24. g3 Qg4 25. Nd2 Ne2 26. Qd1 Bb4 27. Rc3 Kg7
28. Re1 Bxc3 29. bxc3 Nxg3+ 30. fxg3 Qxg3 31. Rg1 Qxc3 32. Nb3 Rh8 33. Qe2 Rh4
34. Kh2 Qb4 35. Rg4 Rxg4 36. Qxg4 f5 37. Qxh3 Qxe4 38. Qg2 1/2-1/2

[Event "XVI Festival C"]
[Site "Robecchetto con Induno ITA"]
[Date "2005.12.28"]
[Round "4"]
[White "Lanza, Francesco Paolo"]
[Black "Cecchini, Massimo"]
[Result "1/2-1/2"]
[WhiteElo "1634"]
[BlackElo "1676"]
[PlyCount "106"]
[EventDate "2005.12.27"]

1. e4 c6 2. d4 d5 3. e5 Bf5 4. Ne2 Nd7 5. Ng3 Bg6 6. Nd2 e6 7. Nb3 Ne7 8. Be2
Qb6 9. Bd2 a5 10. a4 Nf5 11. Nxf5 Bxf5 12. O-O Be7 13. c4 dxc4 14. Bxc4 Be4 15.
Qg4 Bg6 16. Bc3 Qc7 17. Nd2 Nb6 18. b3 Nd5 19. Qg3 O-O 20. Bb2 Rfd8 21. Bd3
Bxd3 22. Qxd3 Nb4 23. Qe4 Qd7 24. Nc4 Ra6 25. h3 Qd5 26. Qxd5 Rxd5 27. Ne3 Rd7
28. Rfd1 Ra8 29. Nc4 Nd5 30. Ba3 Bxa3 31. Rxa3 b6 32. Raa1 g6 33. Kf1 Rad8 34.
Rac1 h5 35. Nd6 Rc7 36. Rc4 f6 37. Re1 Nb4 38. Ke2 fxe5 39. dxe5 Rf8 40. h4 c5
41. f4 Nd5 42. g3 Rd7 43. Rd1 Ne7 44. Rcc1 Rfd8 45. Ne4 Rxd1 46. Rxd1 Rxd1 47.
Kxd1 Nf5 48. Kc2 Kf8 49. Kd3 Ke7 50. Kc4 Kd7 51. Kb5 Kc7 52. Kc4 Kd7 53. Kd3
Kc6 1/2-1/2

[Event "XVI Festival C"]
[Site "Robecchetto con Induno ITA"]
[Date "2005.12.28"]
[Round "4"]
[White "Longo, Giovanni"]
[Black "Colombo, Sandro"]
[Result "1-0"]
[WhiteElo "1724"]
[BlackElo "1712"]
[PlyCount "35"]
[EventDate "2005.12.27"]

1. e4 c5 2. Nf3 Nc6 3. Bb5 g6 4. O-O Bg7 5. Nc3 a6 6. Bxc6 dxc6 7. d3 Qb6 8.
Re1 Nf6 9. Rb1 Ng4 10. Na4 Qa5 11. c4 b5 12. cxb5 axb5 13. Nxc5 Qxa2 14. Qc2
Qa7 15. b4 O-O 16. Bb2 Nf6 17. Ra1 Qb8 18. Be5 1-0

[Event "XVI Festival C"]
[Site "Robecchetto con Induno ITA"]
[Date "2005.12.28"]
[Round "4"]
[White "Madaschi, Sergio"]
[Black "Torretta, Gilberto"]
[Result "0-1"]
[WhiteElo "1595"]
[BlackElo "1664"]
[PlyCount "110"]
[EventDate "2005.12.27"]

1. e4 d6 2. d4 Nf6 3. Bd3 g6 4. Nf3 Bg7 5. O-O O-O 6. h3 c6 7. Nc3 b5 8. a3 Na6
9. Be3 h6 10. Qd2 Kh7 11. Rfe1 Nc7 12. Rad1 a6 13. Bf4 Bb7 14. Be2 Ne6 15. Bh2
Qb6 16. e5 dxe5 17. Bxe5 Rad8 18. Qe3 Rfe8 19. Rd3 Nc7 20. Qd2 e6 21. Bf1 Ncd5
22. Nxd5 Rxd5 23. Qf4 Qd8 24. g4 Kg8 25. Bg2 Rd7 26. Qe3 Nd5 27. Qd2 f6 28. Bg3
g5 29. b3 Rde7 30. c4 Nc7 31. h4 Rd7 32. Rd1 Kf7 33. Qa5 e5 34. Nh2 Ne6 35.
Qxd8 Rexd8 36. d5 cxd5 37. Bxd5 Bxd5 38. Rxd5 Rxd5 39. Rxd5 Rxd5 40. cxd5 Nd4
41. hxg5 hxg5 42. Nf1 Nxb3 43. Ne3 Bf8 44. Nf5 Bxa3 45. d6 Ke6 46. f3 Bxd6 47.
Bf2 Bc5 48. Ne3 a5 49. Kf1 Bxe3 50. Bxe3 Nd4 51. Kf2 Kd5 52. Bd2 a4 53. Bb4 Nc2
54. Be7 Ke6 55. Bf8 b4 0-1

[Event "XVI Festival C"]
[Site "Robecchetto con Induno ITA"]
[Date "2005.12.29"]
[Round "5"]
[White "Cecchini, Massimo"]
[Black "Greco, Umberto"]
[Result "1-0"]
[WhiteElo "1676"]
[BlackElo "1605"]
[PlyCount "101"]
[EventDate "2005.12.27"]

1. d4 d5 2. c4 c6 3. cxd5 cxd5 4. Nf3 Nf6 5. Nc3 Nc6 6. Bg5 Bg4 7. Ne5 Nxe5 8.
dxe5 Ne4 9. Nxe4 dxe4 10. Qa4+ Bd7 11. Qxe4 Bc6 12. Qc2 Qa5+ 13. Bd2 Qxe5 14.
Bc3 Qg5 15. f3 e6 16. Bd2 Qh4+ 17. g3 Qh5 18. O-O-O Rc8 19. Kb1 Qg6 20. Qxg6
hxg6 21. e4 Bc5 22. Bc3 f6 23. Bc4 Ke7 24. Bb3 Rcd8 25. Kc1 Bb5 26. Rxd8 Rxd8
27. f4 Be3+ 28. Kb1 Bd3+ 29. Bc2 Bxc2+ 30. Kxc2 Bc5 31. Re1 Rd7 32. Re2 a6 33.
g4 Kf7 34. h3 Rd8 35. Rd2 Rxd2+ 36. Bxd2 Ke7 37. Kd3 Kd6 38. b3 b5 39. b4 Bb6
40. Be1 Kc6 41. h4 f5 42. gxf5 gxf5 43. h5 fxe4+ 44. Kxe4 e5 45. fxe5 Bd8 46.
Bf2 Bg5 47. Kf5 Bd2 48. Bc5 a5 49. a3 a4 50. Kg6 Bc1 51. e6 1-0

[Event "XVI Festival C"]
[Site "Robecchetto con Induno ITA"]
[Date "2005.12.29"]
[Round "5"]
[White "Faraci, Libero"]
[Black "Colombo, Sandro"]
[Result "0-1"]
[WhiteElo "1613"]
[BlackElo "1712"]
[PlyCount "74"]
[EventDate "2005.12.27"]

1. Nf3 c5 2. e4 Nc6 3. d3 Nf6 4. Nc3 d5 5. e5 Ng4 6. Bf4 f6 7. Qe2 d4 8. Ne4
fxe5 9. Bd2 b6 10. a3 Nf6 11. Nfg5 g6 12. Nxf6+ exf6 13. Qe4 Qd6 14. Nf3 Bg7
15. O-O-O O-O 16. Qh4 Ne7 17. g4 f5 18. Bg2 f4 19. Ng5 h6 20. Bxa8 hxg5 21.
Qxg5 Bf6 22. Qh6 Bxg4 23. Rhg1 Bg7 24. Qg5 Bxd1 25. Be4 Bh5 26. f3 Qe6 27. Be1
Nf5 28. Bf2 Qa2 29. Bxf5 Rxf5 30. Qd8+ Kh7 31. Qe8 Qa1+ 32. Kd2 Qxb2 33. Qe7
Qc3+ 34. Kd1 Bxf3+ 35. Kc1 Qxa3+ 36. Kb1 Bd5 37. Qh4+ Rh5 0-1

[Event "XVI Festival C"]
[Site "Robecchetto con Induno ITA"]
[Date "2005.12.29"]
[Round "5"]
[White "Giordanetti, Giuseppe"]
[Black "Longo, Giovanni"]
[Result "0-1"]
[WhiteElo "1694"]
[BlackElo "1724"]
[PlyCount "90"]
[EventDate "2005.12.27"]

1. Nf3 Nf6 2. c4 c5 3. g3 g6 4. b3 Bg7 5. Bb2 b6 6. Bg2 Bb7 7. O-O O-O 8. d3 d5
9. cxd5 Bxd5 10. Nbd2 Bb7 11. Rb1 Nc6 12. Ne5 Qc7 13. Nxc6 Bxc6 14. e4 e5 15.
Nc4 Rfe8 16. Qc2 Rad8 17. Rbd1 Re7 18. Rfe1 Ne8 19. Bc1 Nd6 20. f4 Nxc4 21.
bxc4 exf4 22. Bxf4 Qd7 23. Qc1 Bd4+ 24. Be3 f5 25. Bxd4 Qxd4+ 26. Qe3 fxe4 27.
Qxd4 Rxd4 28. Re3 Kf7 29. Rf1+ Ke8 30. Rfe1 Kd7 31. Bxe4 Bxe4 32. dxe4 Rxc4 33.
e5 Ke6 34. a3 Rd4 35. Kf2 Rd2+ 36. R1e2 Rxe2+ 37. Kxe2 Kd5 38. e6 Rxe6 39. Rxe6
Kxe6 40. a4 c4 41. Kd2 Kd5 42. Kc3 Kc5 43. g4 a6 44. g5 b5 45. axb5 axb5 0-1

[Event "XVI Festival C"]
[Site "Robecchetto con Induno ITA"]
[Date "2005.12.29"]
[Round "5"]
[White "Giusti, Francesco"]
[Black "Madaschi, Sergio"]
[Result "0-1"]
[WhiteElo "1628"]
[BlackElo "1595"]
[PlyCount "64"]
[EventDate "2005.12.27"]

1. d4 Nf6 2. Nc3 g6 3. e4 d6 4. Bc4 Bg7 5. h3 O-O 6. Be3 Nbd7 7. Qd2 e5 8. d5
Re8 9. Bg5 Nc5 10. f3 b6 11. b4 Na6 12. a3 Bb7 13. Nge2 Qd7 14. Bxf6 Bxf6 15.
Bb5 Qe7 16. Bxe8 Qxe8 17. g4 Bh4+ 18. Kf1 Qe7 19. Kg2 Nb8 20. a4 a6 21. Nd1 Nd7
22. Nb2 Bg5 23. Qc3 Rc8 24. Nd3 c6 25. Qb3 cxd5 26. exd5 e4 27. Ne1 exf3+ 28.
Qxf3 Bxd5 29. Qxd5 Qxe2+ 30. Kg3 Qe3+ 31. Nf3 Bf4+ 32. Kh4 Qf2# 0-1

[Event "XVI Festival C"]
[Site "Robecchetto con Induno ITA"]
[Date "2005.12.29"]
[Round "5"]
[White "Torretta, Gilberto"]
[Black "Cillo, Angelo"]
[Result "0-1"]
[WhiteElo "1664"]
[BlackElo "1738"]
[PlyCount "90"]
[EventDate "2005.12.27"]

1. e4 c5 2. Nf3 d6 3. Bb5+ Bd7 4. c4 Nf6 5. Nc3 Bxb5 6. cxb5 Nbd7 7. d4 cxd4 8.
Nxd4 g6 9. O-O Bg7 10. Qe2 O-O 11. f3 Rc8 12. Be3 Ne5 13. Rfc1 Nc4 14. Bf2 Re8
15. a4 Nh5 16. Nc6 Nf4 17. Qxc4 bxc6 18. bxc6 Qa5 19. b4 Qg5 20. Bg3 Be5 21. b5
h5 22. Ne2 Nxe2+ 23. Qxe2 Bxa1 24. Rxa1 Rc7 25. Qb2 h4 26. Bf2 h3 27. Bg3 hxg2
28. Qc3 f6 29. Rc1 Kg7 30. Rb1 Rh8 31. a5 Rhc8 32. Bf2 d5 33. Bxa7 Rxa7 34. b6
Rxc6 35. Qxc6 Rxa5 36. Qxd5 Rxd5 37. exd5 Qxd5 38. b7 Qd4+ 39. Kxg2 Qd2+ 40.
Kh3 Qf4 41. b8=Q Qxf3+ 42. Qg3 Qf5+ 43. Kg2 Qxb1 44. Qc7 Qe4+ 45. Kf2 Qe6 0-1

[Event "XVI Festival C"]
[Site "Robecchetto con Induno ITA"]
[Date "2005.12.29"]
[Round "6"]
[White "Cillo, Angelo"]
[Black "Longo, Giovanni"]
[Result "0-1"]
[WhiteElo "1738"]
[BlackElo "1724"]
[PlyCount "84"]
[EventDate "2005.12.27"]

1. d4 e6 2. e3 Nf6 3. Bd3 d5 4. Nd2 c5 5. c3 Bd6 6. Ngf3 O-O 7. O-O Qc7 8. Re1
b6 9. e4 dxe4 10. Nxe4 Nxe4 11. Bxe4 Bb7 12. dxc5 Bxc5 13. Qc2 Bxe4 14. Rxe4
Be7 15. Bf4 Bd6 16. Bxd6 Qxd6 17. Rd1 Qe7 18. Ne5 Na6 19. Rd7 Qf6 20. Nd3 Rfd8
21. Rf4 Qg6 22. Rfxf7 Rxd7 23. Rxd7 Nc5 24. Rd4 e5 25. Rd5 Re8 26. Qd2 Nxd3 27.
Qxd3 Qg5 28. Qd2 Qf5 29. Rd3 Re7 30. Rd8+ Kf7 31. Qd5+ Kg6 32. Rd6+ Kg5 33.
Qd2+ Kh5 34. Qe2+ Kg5 35. Rd3 e4 36. h4+ Kf6 37. Rd6+ Re6 38. g4 Qf4 39. g5+
Kf5 40. Qb5+ Kg4 41. Rxe6 Kh3 42. Qe2 Qh2+ 0-1

[Event "XVI Festival C"]
[Site "Robecchetto con Induno ITA"]
[Date "2005.12.29"]
[Round "6"]
[White "Colombo, Sandro"]
[Black "Cecchini, Massimo"]
[Result "0-1"]
[WhiteElo "1712"]
[BlackElo "1676"]
[PlyCount "84"]
[EventDate "2005.12.27"]

1. c4 Nf6 2. Nc3 e6 3. e4 Nc6 4. e5 Nxe5 5. d4 Ng6 6. Nf3 Bb4 7. Bd3 O-O 8. Bg5
Bxc3+ 9. bxc3 Re8 10. Ne5 d6 11. Ng4 e5 12. Nxf6+ gxf6 13. Be3 e4 14. Be2 Kh8
15. h4 Rg8 16. g4 f5 17. h5 Nh4 18. gxf5 Nxf5 19. Bf4 b6 20. d5 Qe7 21. Bg4 e3
22. f3 Qf6 23. Qd3 Bd7 24. Bxf5 Bxf5 25. Qd4 Qxd4 26. cxd4 Rae8 27. Rc1 Rg2 28.
c5 bxc5 29. dxc5 dxc5 30. Rxc5 Rxa2 31. O-O Bh3 32. Re1 Rg2+ 33. Kh1 e2 34.
Rxc7 Rf2 35. Bd2 Bf1 36. d6 Rxf3 37. Bc3+ f6 38. Rxe2 Rxe2 39. d7 Bg2+ 40. Kg1
Rf1+ 41. Kh2 Bc6+ 42. Kg3 Rg2+ 0-1

[Event "XVI Festival C"]
[Site "Robecchetto con Induno ITA"]
[Date "2005.12.29"]
[Round "6"]
[White "Faraci, Libero"]
[Black "Giordanetti, Giuseppe"]
[Result "1/2-1/2"]
[WhiteElo "1613"]
[BlackElo "1694"]
[PlyCount "82"]
[EventDate "2005.12.27"]

1. Nf3 Nf6 2. g3 g6 3. Bg2 Bg7 4. c4 c6 5. O-O O-O 6. Nc3 d6 7. d3 Nbd7 8. Bd2
Re8 9. Qc1 Rb8 10. Rb1 Nf8 11. b4 e5 12. Ne4 Nxe4 13. dxe4 Ne6 14. Rd1 Qe7 15.
Be3 b6 16. Qd2 Rd8 17. Ng5 Nxg5 18. Bxg5 f6 19. Be3 Be6 20. Rbc1 Bf8 21. a3 c5
22. b5 Qf7 23. Qc3 g5 24. f4 gxf4 25. gxf4 Bg4 26. Kh1 Kh8 27. Rg1 Bh6 28. f5
Qh5 29. Bxh6 Qxh6 30. Bf3 Bh5 31. Bxh5 Qxh5 32. Qf3 Qh6 33. Rcd1 Qf8 34. Rg3
Qe7 35. Rdg1 Rg8 36. Qg2 Qf7 37. Rxg8+ Rxg8 38. Qxg8+ Qxg8 39. Rxg8+ Kxg8 40.
Kg2 Kg7 41. Kg3 h6 1/2-1/2

[Event "XVI Festival C"]
[Site "Robecchetto con Induno ITA"]
[Date "2005.12.29"]
[Round "6"]
[White "Greco, Umberto"]
[Black "Madaschi, Sergio"]
[Result "1-0"]
[WhiteElo "1605"]
[BlackElo "1595"]
[PlyCount "85"]
[EventDate "2005.12.27"]

1. d4 Nf6 2. c4 g6 3. Nc3 Bg7 4. Nf3 O-O 5. e4 d6 6. Bd3 c6 7. O-O e5 8. d5
cxd5 9. cxd5 Nbd7 10. Be3 b6 11. Rc1 Nc5 12. b4 Nxd3 13. Qxd3 Bg4 14. Nd2 Bd7
15. b5 Ng4 16. a4 Nxe3 17. Qxe3 f5 18. f3 f4 19. Qe2 h5 20. Na2 h4 21. h3 Qg5
22. Kh1 Rac8 23. Nb4 Qf6 24. Nc6 Ra8 25. Rc2 Rfc8 26. Rfc1 Qf8 27. Qd3 Kh8 28.
Nc4 Bf6 29. Qa3 Bxc6 30. bxc6 Be7 31. Qd3 Rc7 32. Rb1 Rb8 33. Rcb2 Bd8 34. a5
Rh7 35. axb6 axb6 36. Nxb6 Qf7 37. Nd7 Rxb2 38. Rxb2 Rg7 39. Rb7 Kh7 40. Qb5
Qe7 41. c7 Qxd7 42. Qxd7 Rxd7 43. c8=Q 1-0

[Event "XVI Festival C"]
[Site "Robecchetto con Induno ITA"]
[Date "2005.12.29"]
[Round "6"]
[White "Lanza, Francesco Paolo"]
[Black "Giusti, Francesco"]
[Result "1-0"]
[WhiteElo "1634"]
[BlackElo "1628"]
[PlyCount "67"]
[EventDate "2005.12.27"]

1. e4 c5 2. Nf3 Nc6 3. b3 d6 4. Bb2 e5 5. c3 Nf6 6. Qc2 Be7 7. d4 cxd4 8. cxd4
exd4 9. Nxd4 Qa5+ 10. Nd2 Nxd4 11. Bxd4 O-O 12. Be2 Be6 13. O-O Rac8 14. Qb2 a6
15. Rfc1 d5 16. exd5 Ba3 17. Rxc8 Bxb2 18. Nc4 Qxd5 19. Rxf8+ Kxf8 20. Bxb2 Qe4
21. Bf3 Qf4 22. Ba3+ Kg8 23. Rd1 g6 24. Ne3 Qe5 25. Bxb7 Qa5 26. Bb2 Qg5 27.
Bxa6 Kg7 28. Bc4 Kf8 29. Bxe6 fxe6 30. b4 Ne4 31. a4 Qf4 32. Rf1 Nd2 33. Ra1
Qxb4 34. Ba3 1-0

[Event "VIII Weekend B"]
[Site "Porto Sant'Elpidio ITA"]
[Date "2005.11.19"]
[Round "1"]
[White "Di Cicco, Daniela"]
[Black "Battistelli, Gianluca"]
[Result "0-1"]
[WhiteElo "1281"]
[BlackElo "1545"]
[PlyCount "116"]
[EventDate "2005.11.19"]

1. d4 Nf6 2. Nf3 e6 3. h3 b6 4. Bf4 Bb7 5. Nbd2 Be7 6. e3 O-O 7. Bd3 d6 8. c3
Nbd7 9. Qc2 c5 10. O-O Re8 11. Rfe1 Rc8 12. Rac1 Nf8 13. e4 Ng6 14. Bh2 cxd4
15. Nxd4 Nd7 16. Nb5 Nc5 17. Nxa7 Ra8 18. Bb5 Rxa7 19. Bxe8 Qxe8 20. a3 Ba6 21.
Nf3 Nd3 22. Qb3 Nxe1 23. Rxe1 Qb5 24. Qc2 Rc7 25. Nd4 Qc5 26. Nb3 Qg5 27. Bg3
h5 28. Nd4 Ne5 29. Bxe5 Qxe5 30. Nf3 Qf4 31. Nh2 Bb7 32. g3 Qf6 33. Re3 d5 34.
e5 Qf5 35. Qxf5 exf5 36. f4 Bc5 37. Nf1 Bxe3+ 38. Nxe3 g6 39. Kf2 Re7 40. Nc2
f6 41. exf6 Re4 42. Nd4 Kf7 43. Nb5 Kxf6 44. Nd6 Ba6 45. Nxe4+ fxe4 46. Ke3 Bc4
47. g4 h4 48. Kf2 g5 49. fxg5+ Kxg5 50. b4 b5 51. Kg2 Kf4 52. Kf2 e3+ 53. Kg2
e2 54. Kf2 Bd3 55. g5 Kxg5 56. Ke1 Kf4 57. Kf2 Bc4 58. Ke1 Kg3 0-1

[Event "VIII Weekend B"]
[Site "Porto Sant'Elpidio ITA"]
[Date "2005.11.19"]
[Round "1"]
[White "Faini, Marco"]
[Black "Fratini, Mauro"]
[Result "0-1"]
[WhiteElo "1524"]
[BlackElo "1724"]
[PlyCount "142"]
[EventDate "2005.11.19"]

1. d4 Nf6 2. Nf3 d5 3. c4 c6 4. e3 Nbd7 5. Nc3 e6 6. a3 Be7 7. Be2 O-O 8. O-O
Qc7 9. Re1 Re8 10. b3 e5 11. dxe5 Nxe5 12. cxd5 cxd5 13. Nxd5 Nxf3+ 14. Bxf3
Nxd5 15. Qxd5 Rd8 16. Qc4 Qxc4 17. bxc4 Be6 18. Bxb7 Rab8 19. Ba6 Bf6 20. Ra2
Rb6 21. Bb5 a6 22. Ba4 Bxc4 23. Rd2 Rdb8 24. Red1 g6 25. g3 Kg7 26. Kg2 Rb1 27.
Bc2 R1b5 28. Bd3 Bxd3 29. Rxd3 Rb1 30. Rd7 Rc8 31. R7d5 Rcxc1 32. R1d3 Rc3 33.
Rxc3 Bxc3 34. Rd3 Rb3 35. a4 a5 36. Kf3 f5 37. h3 h5 38. h4 Ra3 39. Rd7+ Kf8
40. Kf4 Rxa4+ 41. Kf3 Ra2 42. Rd1 a4 43. Rb1 Rd2 44. Rb8+ Ke7 45. Ra8 Ra2 46.
Ra7+ Kd6 47. Rb7 a3 48. Ra7 Ra1 49. Ra6+ Kd5 50. Rxg6 Rc1 51. Ra6 Bb4 52. Kf4
Rc2 53. Kxf5 Rxf2+ 54. Kg5 Kc4 55. Kxh5 Kb3 56. g4 a2 57. g5 Rf1 58. g6 Bc3 59.
Rb6+ Kc2 60. Ra6 a1=Q 61. Rxa1 Bxa1 62. Kh6 Kd3 63. h5 Rf5 64. g7 Bxg7+ 65.
Kxg7 Rxh5 66. Kg6 Re5 67. e4 Kxe4 68. Kf6 Kf4 69. Kf7 Kf5 70. Kg7 Re6 71. Kf7
Re1 0-1

[Event "VIII Weekend B"]
[Site "Porto Sant'Elpidio ITA"]
[Date "2005.11.19"]
[Round "1"]
[White "Marinucci, Johnny"]
[Black "Morelli, Basilio"]
[Result "1-0"]
[WhiteElo "1727"]
[BlackElo "1527"]
[PlyCount "81"]
[EventDate "2005.11.19"]

1. d4 Nf6 2. Nf3 g6 3. Bf4 Bg7 4. h3 d6 5. e3 O-O 6. Be2 Re8 7. O-O Nbd7 8. c4
e5 9. dxe5 Nh5 10. Bg5 f6 11. exf6 Bxf6 12. Bxf6 Nhxf6 13. Nc3 b6 14. Nd4 Bb7
15. Bf3 Rb8 16. Bxb7 Rxb7 17. Qf3 Nc5 18. Nc6 Qc8 19. Qxf6 Qe6 20. Nd5 Qxf6 21.
Nxf6+ Kf7 22. Nxe8 Kxe8 23. Rfd1 a6 24. f3 b5 25. cxb5 axb5 26. e4 Rb6 27. Nb4
Ne6 28. Nd5 Rc6 29. Rac1 Rxc1 30. Rxc1 c5 31. Rd1 b4 32. Nf6+ Kf7 33. Nxh7 Nd4
34. Rxd4 cxd4 35. Kf2 Ke6 36. f4 d5 37. Ng5+ Kd6 38. Ke2 Kc5 39. Kd3 dxe4+ 40.
Nxe4+ Kd5 41. g4 1-0

[Event "VIII Weekend B"]
[Site "Porto Sant'Elpidio ITA"]
[Date "2005.11.19"]
[Round "1"]
[White "Menichelli, Alessandro"]
[Black "Di Blasio, Walter"]
[Result "0-1"]
[WhiteElo "1493"]
[BlackElo "1691"]
[PlyCount "80"]
[EventDate "2005.11.19"]

1. d4 d5 2. Nf3 Nf6 3. Bf4 Bf5 4. e3 e6 5. Nbd2 Nbd7 6. c4 Be7 7. Qb3 Qc8 8.
Rc1 c6 9. Nh4 Be4 10. cxd5 Bxd5 11. Bc4 Nh5 12. Bg3 Nxg3 13. hxg3 Nb6 14. Bxd5
exd5 15. Qd3 Qe6 16. Nf5 Qg6 17. Ke2 Kd7 18. Nxe7 Qxd3+ 19. Kxd3 Kxe7 20. b3
Nd7 21. Nf3 Nf6 22. Rh4 Ne4 23. Ke2 a5 24. Nd2 Nxd2 25. Kxd2 Kd6 26. Rch1 h6
27. g4 a4 28. Kc3 Rhe8 29. R4h3 Re4 30. g5 hxg5 31. Rh8 Ra6 32. Rd8+ Ke7 33.
Rhh8 axb3 34. Rhe8+ Kf6 35. Rxe4 bxa2 36. Rd6+ Kf5 37. Re5+ Kg4 38. f3+ Kh4 39.
Kd3 a1=Q 40. Rd8 Ra3+ 0-1

[Event "VIII Weekend B"]
[Site "Porto Sant'Elpidio ITA"]
[Date "2005.11.19"]
[Round "1"]
[White "Perdichizzi, Roberto"]
[Black "Cargini, Fabio"]
[Result "0-1"]
[WhiteElo "1425"]
[BlackElo "1548"]
[PlyCount "96"]
[EventDate "2005.11.19"]

1. e4 e5 2. Nc3 Nf6 3. Bc4 Nc6 4. a3 Nxe4 5. Qh5 g6 6. Qf3 Ng5 7. Qd5 d6 8. Qd3
Bf5 9. Qd5 Be6 10. Qd3 Bxc4 11. Qxc4 Nd4 12. Nge2 b5 13. Qd3 Nge6 14. Nxd4 Nxd4
15. Ne2 Bg7 16. Nxd4 exd4 17. Qxb5+ Qd7 18. Qxd7+ Kxd7 19. O-O Rhe8 20. d3 Re2
21. Bf4 Rxc2 22. b4 Re8 23. Rfe1 Rxe1+ 24. Rxe1 Rc3 25. a4 Rxd3 26. Rb1 Ra3 27.
a5 d3 28. Bd2 Bc3 29. Bxc3 Rxc3 30. Rd1 d2 31. Kf1 Rc1 32. Ke2 Rxd1 33. Kxd1
Kc6 34. Kxd2 Kb5 35. Kc3 c5 36. bxc5 dxc5 37. f4 Kxa5 38. Kc4 Kb6 39. g4 a5 40.
f5 a4 41. Kd5 a3 42. Kd6 a2 43. Ke7 a1=Q 44. Kxf7 Qa7+ 45. Kg8 gxf5 46. gxf5
Qe7 47. h4 Qxh4 48. Kg7 Qe7+ 0-1

[Event "VIII Weekend B"]
[Site "Porto Sant'Elpidio ITA"]
[Date "2005.11.19"]
[Round "1"]
[White "Piergentili, Roberto"]
[Black "Santarelli, Enrico"]
[Result "1-0"]
[WhiteElo "1652"]
[BlackElo "1488"]
[PlyCount "61"]
[EventDate "2005.11.19"]

1. d4 c6 2. c4 d5 3. Nc3 e6 4. Nf3 Nd7 5. e3 Ngf6 6. Be2 Bd6 7. O-O O-O 8. Qc2
Re8 9. e4 dxe4 10. Nxe4 Nxe4 11. Qxe4 e5 12. dxe5 Nxe5 13. Ng5 Ng6 14. Qf3 Qc7
15. h3 f6 16. Nxh7 Kxh7 17. Bd3 Bh2+ 18. Kh1 Qe5 19. g3 Bxg3 20. fxg3 Bxh3 21.
Bf4 Qxb2 22. Qh5+ Kg8 23. Qxh3 Kf7 24. Bxg6+ Kxg6 25. Qg4+ Kf7 26. Qh5+ Kg8 27.
Rab1 Qxa2 28. Rxb7 Qxc4 29. Rd1 a5 30. Rxg7+ Kxg7 31. Rd7+ 1-0

[Event "VIII Weekend B"]
[Site "Porto Sant'Elpidio ITA"]
[Date "2005.11.19"]
[Round "1"]
[White "Ragnini, Damiano"]
[Black "Baleani, Emanuele"]
[Result "0-1"]
[WhiteElo "1532"]
[BlackElo "1744"]
[PlyCount "80"]
[EventDate "2005.11.19"]

1. e4 c5 2. Nf3 d6 3. d4 cxd4 4. Nxd4 Nf6 5. Nc3 a6 6. Bd3 e6 7. O-O Be7 8. f4
Nbd7 9. Nb3 b5 10. Ne2 Bb7 11. Ng3 O-O 12. Bd2 Qc7 13. Rc1 Rac8 14. Ba5 Qb8 15.
c4 bxc4 16. Rxc4 Rxc4 17. Bxc4 Nxe4 18. Nxe4 Bxe4 19. Qe2 Qa7+ 20. Kh1 Bb7 21.
Rc1 d5 22. Bd3 Nf6 23. Rc7 Bd6 24. Rxb7 Qxb7 25. Bxa6 Qa7 26. Bc3 Ne4 27. g3
Nxc3 28. bxc3 Ra8 29. Bd3 Qxa2 30. Nd2 Qa1+ 31. Kg2 Qxc3 32. Nb1 Qa1 33. Qe3
Ra2+ 34. Kh3 Qb2 35. Kg4 h5+ 36. Kxh5 Qxh2+ 37. Kg4 f5+ 38. Bxf5 exf5+ 39. Kxf5
Qh5+ 40. Ke6 Qe8+ 0-1

[Event "VIII Weekend B"]
[Site "Porto Sant'Elpidio ITA"]
[Date "2005.11.19"]
[Round "1"]
[White "Ripa', Daniele"]
[Black "Agostini, Renzo"]
[Result "1-0"]
[WhiteElo "1548"]
[BlackElo "1389"]
[PlyCount "51"]
[EventDate "2005.11.19"]

1. e4 c5 2. Nf3 d6 3. d4 b6 4. Nc3 g6 5. Be3 Bg7 6. Bc4 e6 7. O-O Nf6 8. dxc5
bxc5 9. e5 Nfd7 10. Qxd6 Bb7 11. Nb5 Na6 12. Bg5 f6 13. Qxe6+ Qe7 14. Nd6+ Kf8
15. exf6 Qxe6 16. fxg7+ Kxg7 17. Bxe6 Bxf3 18. Bxd7 Bd5 19. Rfe1 Rhf8 20. Re7+
Kg8 21. Bh6 Rf6 22. Ne8 Rf7 23. Be6 Bxe6 24. Rxe6 Kh8 25. Rae1 Rd8 26. Rxa6 1-0